NCIS Season 2 Quotes Quiz Stats

 Plays Quiz not verified by Sporcle

Challenge
Share
Tweet
Embed
Score 0/23 Timer 10:00
0 Plays Today
Quote Character % Correct
Relax. You think Gibbs keeps that haircut to save on shampoo?Special Agent Anthony DiNozzo
96%
No brothers, no uncles, my father passed years ago. I do have three ex-wives, whose names and addresses I will gladly fax on to you. Booh, he hung up.Leroy Jethro Gibbs
92.1%
So am I. When I...chain guys up.Abby Sciuto
89.1%
Stop playing with my equipment!Abby Sciuto
89.1%
At least I don't hang out with married people, Kate.Special Agent Anthony DiNozzo
86.1%
Uh, the bite's actually much worse.Special Agent Timothy McGee
85.1%
I put out an APB. Airports. Train stations. Taxicabs. Walker...rentals.Special Agent Timothy McGee
85.1%
You know, Ducky, someday one of them will talk back.Kate Todd
84.2%
Do I seem like the kind of guy who would drive a squishy little car?Leroy Jethro Gibbs
84.2%
I know more about your sex life than I do about my own, Tony.Special Agent Timothy McGee
84.2%
Well, she was pregnant, McGee. There's only one way that can happen.Special Agent Anthony DiNozzo
84.2%
You're blowing in my ear, Mr PalmerDucky
84.2%
Quote Character % Correct
It's more addictive than pistachios... Well, have you ever just eaten one pistachio?Abby Sciuto
83.2%
Umm... machine making pretty pictures now?Abby Sciuto
81.2%
Oh, Jethro, I can spend forever finding nothing.Ducky
81.2%
This guy is cleaner than clean, whiter than white. If you put him in a line up with snow, snow is going to jail.Abby Sciuto
79.2%
Just chronicling this little conversation for our next session with Ducky.Special Agent Anthony DiNozzo
79.2%
Sorry, Caitlin.Ari Haswari
76.2%
There are so many things I could say to you right now...Kate Todd
73.3%
Your ears are broken.Leroy Jethro Gibbs
67.3%
Pistols?Jimmy Palmer
44.6%
One can always tell a woman's intentions from her panties.Mrs. Victoria Mallard
33.7%
I got better.FBI Agent Tobias Fornell
29.7%

You're not logged in!

Compare scores with friends on all Sporcle quizzes.
OR
Log In

You Might Also Like...

Show Comments

Extras

Created Nov 17, 2015ReportNominate
Tags:ncis, NCIS Characters, TV Quotes

Top Quizzes Today


Score Distribution

Your Account Isn't Verified!

In order to create a playlist on Sporcle, you need to verify the email address you used during registration. Go to your Sporcle Settings to finish the process.

Report this User

Report this user for behavior that violates our Community Guidelines.

Details: